Statistics for Выбери Только Российские Города

Click here to take the quiz!

General Stats

  • This quiz has been taken 3 301 times
  • The average score is 28 of 45

Answer Stats

QuestionTileSelect% Correct
Выберите только российские городаСанкт-ПетербургYes
99%
Выберите только российские городаМоскваYes
99%
Выберите только российские городаКалининградYes
97%
Выберите только российские городаСумгаитNo
97%
Выберите только российские городаКазаньYes
96%
Выберите только российские городаКулябNo
94%
Выберите только российские городаЩецинNo
93%
Выберите только российские городаТираспольNo
90%
Выберите только российские городаУманьNo
84%
Выберите только российские городаБрестNo
83%
Выберите только российские городаСиртNo
81%
Выберите только российские городаПровиденсNo
80%
Выберите только российские городаЗлинNo
80%
Выберите только российские городаДаляньNo
80%
Выберите только российские городаКалиNo
80%
Выберите только российские городаКиркенесNo
79%
Выберите только российские городаЛахтиNo
78%
Выберите только российские городаЙошкар-ОлаYes
78%
Выберите только российские городаОрëлYes
78%
Выберите только российские городаУргенчNo
76%
Выберите только российские городаТамбовYes
76%
Выберите только российские городаЛидаNo
74%
Выберите только российские городаЧереповецYes
73%
Выберите только российские городаХимкиYes
72%
Выберите только российские городаБельцыNo
69%
Выберите только российские городаКаменск-УральскийYes
69%
Выберите только российские городаИзмаилNo
67%
Выберите только российские городаОрскYes
67%
Выберите только российские городаЭнгельсYes
54%
Выберите только российские городаЕйскYes
53%
Выберите только российские городаКызылYes
40%
Выберите только российские городаКировоградNo
39%
Выберите только российские городаТаманьYes
36%
Выберите только российские городаСолигорскNo
33%
Выберите только российские городаКлинYes
31%
Выберите только российские городаЗимаYes
30%
Выберите только российские городаНазраньYes
30%
Выберите только российские городаТындаYes
22%
Выберите только российские городаКандалакшаYes
19%
Выберите только российские городаУральскNo
17%
Выберите только российские городаПетропавловскNo
16%
Выберите только российские городаПевекYes
14%
Выберите только российские городаЛивныYes
12%
Выберите только российские городаНерюнгриYes
12%
Выберите только российские городаЭнемYes
3%

Score Distribution

Percentile by Number Answered

Percent of People with Each Score

Your Score History

You have not taken this quiz